000 00510nam a2200181Ia 4500
001 10037
003 GE_BSU
008 181216s||||||||xx |||||||||||||| ||und||
040 _cGE_BSU
245 _aПсихология обучения, №4 Апрель 2014.
245 _cГл.ред.Б.П.Бархаев и др.
260 _aМосква
260 _bИздательство СГУ
260 _c2014
300 _a140стр.24см.
653 _aПсихология обучения
942 _cCR
999 _c43310
_d43310